000 01027nam a2200265 i 4500
003 DO-SdBNP
005 20250603150223.0
007 ta
008 250603b2023 dr a|||| |||| 00| 0 spa d
040 _aDO-SdBNP
_bspa
_cBNPHU
_erda
082 _axxxx
_bM863
_222
100 1 _aMorla Báez, Elbi
_eautor
_4aut.
_926834
245 1 0 _aDiabetes Mellitus :
_bcuaderno de control diario /
_cElbi Morla, Rosario Almanzar
264 _aSanto Domingo :
_bINDEN,
_c2023.
300 _a[66] páginas :
_bilustraciones
_c28 cm.
336 _atexto
_btxt
_2rdacontent
337 _asin mediación
_bn
_2rdamedia
338 _avolumen
_bnc
_2rdacarrier
500 _aEste cuaderno de control diario permitirá al diabético y al equipo de salud realizar las OBSERVACIONES y modificaciones necesarias para que los niveles funcionen en el organismo.
590 _aInventariado, 2025/ YL
700 1 _aAlmanzar, Rosario
_eautora
_4aut.
_987973
710 _aInstituto Nacional de Diabetes (INDEN)
_987974
910 _aYlockward
942 _2ddc
_cLBS1
999 _c58529
_d58529